000 02639nim a2200505 i 4500
001 197206
003 ES-MaACL
005 20250828062558.0
007 ss lsnjlcipnne
008 290425s1990 sp nnnn |||| 00| spa d
040 _bspa
_cES-MaACL
245 _aJornadas centroamericanas por la soberania de los pueblos
_h[Grabación sonora] :
_cdías 16, 17 y 18 de mayo de 1990.
260 _aMadrid :
_bAteneo de Madrid,
_c1990
300 _a6 casetes (ca. 540 min) :
_bson. ;
_c11 cm
490 1 _3Actos culturales en el Ateneo de Madrid
505 _aCinta 1 y 2 corresponden al día 16 de mayo. Contienen las conferencias:" Historia inmediata de Centro América" por Carmela García y "Coyuntura política de Guatemala" por Marta Casaus. Cinta 3 y 4 corresponden al día 17 de mayo. Contienen las conferencias: "Coyuntura política de el Salvador" por Manuel Cornejo e "Iglesia salvadoreña" por Manuel Plaza. Cinta 5 y 6 corresponden al día 18 de mayo. Contienen las conferencias: "Elecciones en Nicaragua" por José Luis Morales y "Nicaragua después de las elecciones" poe Jesús Bejár.
518 _aGrabado el 16, 17 y 18 de mayo de 1990 en el Salón de Actos del Ateneo de Madrid.
520 _aJornadas centroamericanas por la soberanía de los pueblos celebradas los días 16, 17 y 18 de mayo de 1990. Moderada por Isabelo Herrero, vicepresidente segundo del Ateneo de Madrid.
540 _aDocumento inédito
594 _5Datos basados en la invitación.
610 2 0 _aAteneo de Madrid-
_xActos culturales-
_y1990-
_vGrabaciones sonoras
_9240083
651 4 _97708
_aAmérica central-
_xPolítica y gobierno
653 _aArchivo de la palabra
655 0 _aConferencias
_9234444
700 _aGarcía, Carmela
_9240260
_eora
700 0 _aCasaús Arzú, Marta Elena
_936259
_eora
700 _aCornejo, Manuel
_9240261
_eora
700 0 _aPlaza, Manuel
_992621
_eora
700 _aBéjar, Jesús
_9240263
_eora
700 1 _aHerreros, Isabelo,
_963354
_epres
_d1953-
700 _aMorales, José Luis
_9240262
_eora
700 0 _eora
710 2 _aAteneo de Madrid
_ehis
_91875
710 _aAsociación Hispano-Salvadoreña
_eclb
_9240258
830 0 _aActos culturales en el Ateneo de Madrid
_9240237
852 _aES-MaACL
_cDEPOZ
_9205288
_pCinta 1
852 _aES-MaACL
_cDEPOZ
_9205289
_pCinta 2
852 _aES-MaACL
_cDEPOZ
_9205290
_pCinta 3
852 _aES-MaACL
_cDEPOZ
_9205291
_pCinta 4
852 _aES-MaACL
_cDEPOZ
_9205292
_pCinta 5
852 _aES-MaACL
_cDEPOZ
_9205293
_pCinta 6
942 _2udc
_n0
_cCINTASAUD
999 _c197206
_d197206